000
00352nam a2200169Ia 4500
100
_a
Gardner/Floyd M
250
_a
3
942
_c
BK
366
_f
20
654
_a
phaselock
245
_a
Phaselock techniques
260
_b
Milan Book Supplier
_a
Mumbai
_c
2005
082
_a
621.381/GAR
_b
GAR
300
_a
425
546
_a
ENGLISH
999
_c
34189
_d
34189